La categoria dei contratti irregolari: lezioni di storia del diritto
Tallennettuna:
| Päätekijä: | |
|---|---|
| Aineistotyyppi: | Kirja |
| Kieli: | italia |
| Julkaistu: |
Turín
G. Giappichelli
1990
|
| Aiheet: | |
| Tagit: |
Lisää tagi
Ei tageja, Lisää ensimmäinen tagi!
|
MARC
| LEADER | 00000nam a2200000 a 4500 | ||
|---|---|---|---|
| 001 | UCV2717 | ||
| 003 | CL-VaPUC | ||
| 008 | 921029e19900000IT |||||||||||||||||ita|d | ||
| 082 | 0 | 4 | |a 340.5 |b SAN |2 21 |
| 100 | 0 | |a Santarelli, Umberto |e author |9 296997 | |
| 245 | 1 | 3 | |a La categoria dei contratti irregolari: lezioni di storia del diritto |
| 300 | |a 267 p | ||
| 942 | |c BK | ||
| 945 | |d 19921029 00:00:00 | ||
| 260 | |a Turín |b G. Giappichelli |c 1990 | ||
| 650 | 7 | |a DERECHO |2 CL-VaPUC |9 296998 | |
| 650 | 0 | |a Historia y crítica |9 257407 | |
| 583 | |a last modification |c 19921029 00:00:00 |k Rodrigo Vera | ||
| 999 | |c 210218 |d 210216 | ||
| 952 | |0 0 |1 0 |4 0 |6 340_500000000000000_SAN_1990 |7 0 |8 DER_HIS |9 186300 |a BIBDER |b BIBDER |d 2019-11-14 |i 2537672 |o 340.5 SAN 1990 |p 2537672 |r 2023-01-25 |w 2019-11-14 |x Ubicación 4to Piso |y BK |z Estos recursos deben solicitarse con anticipación |k DER | ||